Варианты апериодических импульсных реакторов с форсированными параметрами импульсов; Атомная энергия; Т. 96, вып. 2

Bibliografske podrobnosti
Parent link:Атомная энергия: теоретический и научно-технический журнал/ Российская академия наук ; Министерство РФ по атомной энергии, ядерного общества.— , 1956-.— 0004-7163
Т. 96, вып. 2.— 2004.— с. 89-98
Glavni avtor: Колесов В. Ф.
Drugi avtorji: Хоружий В. Х.
Jezik:ruščina
Izdano: 2004
Serija:Статьи
Teme:
Format: Book Chapter
KOHA link:https://koha.lib.tpu.ru/cgi-bin/koha/opac-detail.pl?biblionumber=426019

MARC

LEADER 00000naa2a2200000 4500
001 426019
005 20231101074501.0
035 |a (RuTPU)RU\TPU\prd\84693 
035 |a RU\TPU\prd\25547 
090 |a 426019 
100 |a 20100628a2004 k y0rusy50 ca 
101 0 |a rus 
102 |a RU 
200 1 |a Варианты апериодических импульсных реакторов с форсированными параметрами импульсов  |f В. Ф. Колесов, В. Х. Хоружий 
225 1 |a Статьи 
320 |a Библиогр.: 15 назв. 
461 1 |0 (RuTPU)RU\TPU\prd\33  |x 0004-7163  |t Атомная энергия  |o теоретический и научно-технический журнал  |f Российская академия наук ; Министерство РФ по атомной энергии, ядерного общества  |d 1956- 
463 1 |0 (RuTPU)RU\TPU\prd\84691  |t Т. 96, вып. 2  |v с. 89-98  |d 2004 
610 1 |a одинарные реакторы 
610 1 |a апериодические импульсы 
610 1 |a форсированные параметры 
610 1 |a уран-молибденовые сплавы 
610 1 |a дисперсные уран-графитовые материалы 
610 1 |a нептуний-геллиевые сплавы 
610 1 |a активные зоны 
675 |a 621.039.573  |v 3 
700 1 |a Колесов  |b В. Ф. 
701 1 |a Хоружий  |b В. Х. 
801 1 |a RU  |b 63413507  |c 20040421  |g PSBO 
801 2 |a RU  |b 63413507  |c 20100628  |g RCR 
942 |c BK